German 🇩🇪speaking Celebrities –Sudden Death - Statistics

General Stats
  • This quiz has been taken 77 times
  • The average score is 3 of 16
Answers on the Grid
Answers color-coded by a green-red scale on the quiz's grid according to % correct below.
Diane Kruger
Angelina Jolie
Michael Fassbender
Johnny Depp
Elvis Presley
Henry Cavill
Daniel Brühl
Tom Cruise
Arnold Schwarzenegger
Keanu Reeves
Benedict Cumberbatch
Sandra Bullock
Leonardo DiCaprio
Julie Andrews
Prince Philip
Kim Catrall
Natalie Portman
Viggo Mortensen
Elon Musk
Til Schweiger
Queen Victoria
Mark Strong
Carrie Fisher
Kirsten Dunst
Mark Zuckerberg
Blake Lively
Christoph Waltz
Romy Schneider
Brad Pitt
Marlon Brando
 
Answer Stats
Answer % Correct
Diane Kruger
65%
Daniel Brühl
62%
Michael Fassbender
49%
Romy Schneider
25%
Til Schweiger
24%
Christoph Waltz
20%
Sandra Bullock
20%
Leonardo DiCaprio
15%
Queen Victoria
13%
Kirsten Dunst
11%
Elon Musk
9%
Prince Philip
9%
Mark Strong
5%
Viggo Mortensen
5%
Kim Catrall
4%
Mark Zuckerberg
4%
No matching quizzes found
Score Distribution
Percent of People with Each Score
Percentile by Number Answered
Your Score History
You have not taken this quiz